000 00372 a2200145 4500
001 63350
040 _cAnchieta - Pituba
100 _aANDRADE, José Jackson de Souza
240 1 0 _a1ª Avaliação de Geografia, III Unidade
_lpor
245 1 0 _a1ª Avaliação de Geografia, III Unidade
300 _a8
362 0 _a2017
650 4 _aGeografia e História
942 _cBK
999 _c63350
_d63350